000 00698nam a2200181 i 4500
001 89487
003 ES-MaACL
005 20230906180203.0
007 t|
008 050111s1972 sp |||| | spa d
100 1 _aLanz de Casafonda, Manuel.
_970115
245 1 0 _aDiálogos de Chindulza
_b: (sobre el estado de la cultura española en el reinado de Fernando VI) /
_cManuel Lanz de Casafonda ; edición, introducción y notas de Fancisco Aguilar Piñal.
260 _a[Oviedo :
_bUniversidad de Oviedo, Cátedra Feijoó,
_c1972]
300 _a205 p. ;
_c25 cm.
651 4 _aEspaña-
_xCivilización-
_yS.XVIII.
_98170
700 1 _aAguilar Piñal, Francisco.
_918744
852 _aES-MaACL
_jC-48246
999 _c89487
_d89487